000 00714nam a22002657a 4500
003 OSt
005 20140310182921.0
008 130129t xxu||||| |||| 00| 0 eng d
020 _a9715062253
050 _a QA276.6 .
_bG216 2003
082 _aFIL 519.5
_bG16 2003
245 _aFundamental concepts and methods in statistics
_cGarcia., George A.
_b (Part 1)
260 _aManila :
_bU.S.T. Publishing House,
_c 2003.
300 _a318 p. :
_bill. ;
_c 23 cm.
521 _acollege students
526 _c1210L-1700L
541 _j1
541 _j2
541 _j3
541 _j4
541 _j5
541 _j6
562 _e6
942 _2lcc
_cBK
_kFIL
999 _c17349
_d17349